Práce, nebo důchod?

Gespeichert in:
Bibliographische Detailangaben
1. Verfasser: Rašticová, Martina
Weitere Verfasser: Bédiová, Monika
Format: Buch
Sprache:Tschechisch
Veröffentlicht: Brno B&P Publishing 2018
Ausgabe:1. vydání
Schlagworte:
Tags: Tag hinzufügen
Keine Tags, Fügen Sie das erste Tag hinzu!

MARC

LEADER 00000nam a2200000 4500
001 0257332
005 20240221113117.7
020 |a 978-80-7485-177-3 
041 0 |a cze 
044 |a CZ 
245 1 0 |a Práce, nebo důchod?  |c Martina Rašticová, Monika Bédiová a kol. 
250 |a 1. vydání 
264 1 |a Brno  |b B&P Publishing  |c 2018 
300 |a 159 s. 
610 2 0 |a seniori 
610 2 0 |a trh práce 
610 2 0 |a vek dôchodkový 
610 2 0 |a dôchodcovia 
610 2 0 |a zamestnanie 
610 2 0 |a výkony pracovné 
610 2 0 |a schopnosti pracovné 
610 2 0 |a meranie 
610 2 0 |a starnutie populácie 
610 2 0 |a úroveň životná 
610 2 0 |a politika zamestnanosti 
610 2 0 |a ukazovatele 
610 2 0 |a systémy dôchodkové 
610 2 0 |a generácie 
100 1 |a Rašticová, Martina 
700 1 |a Bédiová, Monika